[Event "Medellin Cuartas Memorial B"]
[Site "Medellin"]
[Date "2011.08.06"]
[Round "6.48"]
[White "Builes, Juan Felipe"]
[Black "Gil, Andrea Noreley"]
[Result "1-0"]
[WhiteElo "1600"]
[BlackElo "1695"]
[PlyCount "77"]
[EventDate "2011.08.03"]
[EventType "swiss"]
[EventRounds "8"]
[EventCountry "COL"]
[SourceTitle "EXT 2024"]
[Source "ChessBase"]
[SourceDate "2023.10.10"]
[SourceVersion "1"]
[SourceVersionDate "2023.10.10"]
[SourceQuality "1"]

1. e4 e5 2. Nf3 Nc6 3. Bb5 Nf6 4. Nc3 d6 5. h3 g6 6. 0-0 Bg7 7. d3 Nh5 8. Ne2 0-0 9. Nh2 Nd4 10. Nxd4 exd4 11. f4 f5 12. Bc4+ Kh8 13. Bd2 c6 14. exf5 Rxf5 15. g4 Qh4 16. gxf5 Bxf5 17. Be1 Qe7 18. Qf3 Bh6 19. Bd2 Qh4 20. Ng4 Bg7 21. Rae1 Ng3 22. Kh2 Nxf1+ 23. Rxf1 h5 24. Nf2 d5 25. Bb3 Re8 26. Re1 Rf8 27. Qg3 Qf6 28. Qg5 Qd6 29. Qe7 Qb8 30. c4 Bf6 31. Qe2 Qd6 32. Qf3 Be6 33. cxd5 cxd5 34. Bb4 Qxb4 35. Rxe6 Bg5 36. Rxg6 Bxf4+ 37. Kg2 Be3 38. Qxh5+ Bh6 39. Qxh6# 1-0